000 00498cam a2200169 a 4500
001 000009579
005 20200929161630.0
008 910617s1973 ck 000 0 spa
040 _aDO-SdBNP
_bspa
_cBNPHU
050 0 0 _a4PQ Span Am 663
082 _axx
_bxx
100 1 _aSanin Echeverri, Jaime.
_924419
245 1 4 _aUna mujer de 4 en conducta :
_bo la quebrada de Santa Helena /
_cJaime Sanin Echeverri.
250 _a4a ed.
260 _aMedellĂ­n :
_bBedout,
_c1973.
300 _a212 p. ;
_c19 cm.
999 _c9339
_d9339